Bir sel gibi / (Record no. 200466689)

MARC details
000 -LEADER
fixed length control field 01225cam a2200301 i 4500
001 - CONTROL NUMBER
control field 200466689
003 - CONTROL NUMBER IDENTIFIER
control field TR-AnTOB
005 - DATE AND TIME OF LATEST TRANSACTION
control field 20251226111721.0
007 - PHYSICAL DESCRIPTION FIXED FIELD--GENERAL INFORMATION
fixed length control field ta
008 - FIXED-LENGTH DATA ELEMENTS--GENERAL INFORMATION
fixed length control field 251223s1975 tu 000 1 tur d
040 ## - CATALOGING SOURCE
Original cataloging agency SULEY
Language of cataloging eng
Description conventions rda
Transcribing agency SULEY
Modifying agency TR-AnTOB
041 0# - LANGUAGE CODE
Language code of text/sound track or separate title Türkçe
050 14 - LIBRARY OF CONGRESS CALL NUMBER
Classification number PL248.B89
Item number B57 1975
090 ## - LOCALLY ASSIGNED LC-TYPE CALL NUMBER (OCLC); LOCAL CALL NUMBER (RLIN)
Classification number (OCLC) (R) ; Classification number, CALL (RLIN) (NR) PL248.B89
Local cutter number (OCLC) ; Book number/undivided call number, CALL (RLIN) B57 1975
100 1# - MAIN ENTRY--PERSONAL NAME
Personal name Büyükarkın, Bekir
Dates associated with a name 1921-
Relator term author
9 (RLIN) 72724
245 10 - TITLE STATEMENT
Title Bir sel gibi /
Statement of responsibility, etc. Bekir Büyükarkın.
250 ## - EDITION STATEMENT
Edition statement Dördüncü baskı
264 #1 - PRODUCTION, PUBLICATION, DISTRIBUTION, MANUFACTURE, AND COPYRIGHT NOTICE
Place of production, publication, distribution, manufacture İstanbul :
Name of producer, publisher, distributor, manufacturer Hakan Yayınevi,
Date of production, publication, distribution, manufacture, or copyright notice 1975.
300 ## - PHYSICAL DESCRIPTION
Extent 400 pages ;
Dimensions 20 cm
336 ## - CONTENT TYPE
Content type term text
Content type code txt
Source rdacontent
337 ## - MEDIA TYPE
Media type term unmediated
Media type code n
Source rdamedia
338 ## - CARRIER TYPE
Carrier type term volume
Carrier type code nc
Source rdacarrier
520 ## - SUMMARY, ETC.
Summary, etc. Bu roman XVII. Yüzyıl Osmanlı İmparatorluğu'nun yirmi beş<br/> yıllık bir devresini canlandırmak için yazılmıştır. Olaylar sosyal,<br/> politik ve ekonomik yönden ele alınmış, bir romanın imkânları<br/> dahilinde devrin örf, âdet ve yaşantısına yer verilmiştir. Ayrıca<br/> "Bir Sel Gibi" olup olmamanın da romanıdır.
650 #7 - SUBJECT ADDED ENTRY--TOPICAL TERM
Topical term or geographic name entry element Türk romanı
Source of heading or term etuturkob
9 (RLIN) 9421
Topical term or geographic name entry element Tarihi roman, Türk
Source of heading or term etuturkob
9 (RLIN) 92341
942 ## - ADDED ENTRY ELEMENTS (KOHA)
Source of classification or shelving scheme Library of Congress Classification
Koha item type Book
Holdings
Withdrawn status Lost status Source of classification or shelving scheme Damaged status Not for loan Collection code Home library Current library Shelving location Date acquired Source of acquisition Inventory number Total Checkouts Full call number Barcode Date last seen Date shelved Koha item type Public note
    Library of Congress Classification Kullanılmış / Used Ödünç Verilebilir / Available Genel Koleksiyon Merkez Kütüphane Merkez Kütüphane Genel Koleksiyon / Main Collection 01/09/2025 Bağış / Donation TDE   PL248.B89 B57 1975 0074089 26/12/2025 26/12/2025 Book Donated by Dr. Hasan Deniz
Devinim Yazılım Eğitim Danışmanlık tarafından Koha'nın orjinal sürümü uyarlanarak geliştirilip kurulmuştur.